COURAGE TO ACT A MEMOIR OF A CRISIS AND (Record no. 27548)

MARC details
000 -LEADER
fixed length control field 00356nam a2200133Ia 4500
008 - FIXED-LENGTH DATA ELEMENTS--GENERAL INFORMATION
fixed length control field 240624s9999 xx 000 0 und d
041 ## - LANGUAGE CODE
Language code of text/sound track or separate title eng
082 ## - DEWEY DECIMAL CLASSIFICATION NUMBER
Classification number 332.1 BER
100 ## - MAIN ENTRY--PERSONAL NAME
Personal name BERNANKE BEN S
245 ## - TITLE STATEMENT
Title COURAGE TO ACT A MEMOIR OF A CRISIS AND
260 ## - PUBLICATION, DISTRIBUTION, ETC.
Date of publication, distribution, etc. 2015
Place of publication, distribution, etc. London
Name of publisher, distributor, etc. W W Norton & Company
300 ## - PHYSICAL DESCRIPTION
Extent xiv, : 610 : p. : cm. ; 24
365 ## - TRADE PRICE
Currency code
Price amount 30
Holdings
Withdrawn status Lost status Damaged status Not for loan Home library Current library Shelving location Date acquired Source of acquisition Cost, normal purchase price Full call number Barcode Date last seen Copy number Price effective from Koha item type
        IMTN IMTN Rack 9-A 05/03/2016 AP 35.00 332.1 BER 27548 06/24/2024 70.7 06/24/2024 Books
Designed & Maintained by: LRC IMT Nagpur Contact: lrc@imtnag.ac.in© 2024. All Rights Reserved.